000
00466nam a2200169Ia 4500
008
090711s9999 xx 000 0 und d
082
_b
68150
100
_a
पटेल किरण
245
_a
कुन्तल
260
_b
गाला पब्लिशर्स
_c
1991
300
_a
88
600
_a
पटेल किरण
630
_a
कुन्तल
700
_a
पटेल किरण
730
_a
कुन्तल
942
_c
BOOK
999
_c
308781
_d
308781